| 000 | 00389nam a2200145 a 4500 | ||
|---|---|---|---|
| 001 | 2650 | ||
| 003 | CDMR | ||
| 005 | 20130116135233.0 | ||
| 008 | 130130s1984||||||||||||||||||||||||||||d | ||
| 040 |
_aCDMR _bcat _cCDMR |
||
| 111 | 2 |
_aColoquios de Alcor _cMadrid _d1982 _n5º _9312 |
|
| 245 | 1 | 4 | _aLos medios de comunicación como servicio a la sociedad |
| 260 |
_aMadrid _c1984 _bDossat |
||
| 942 | _cMON | ||
| 999 |
_c2650 _d2650 |
||